[Event "Aces-Columbia"]
[Site "?"]
[Date "2000.02.10"]
[Round "?"]
[White "Litvinas, A"]
[Black "Stevens, J"]
[Result "0-1"]
[WhiteElo "1667"]
[BlackElo "1636"]
[PlyCount "128"]
[EventDate "2000.??.??"]

1. e4 c5 2. c4 Nc6 3. Nc3 d6 4. d3 Nf6 5. Nge2 g6 6. Ng3 Bg7 7. f4 Bd7 8. a3
Qa5 9. Bd2 Qb6 10. Rb1 a5 11. Nb5 O-O 12. h4 Nd4 13. Nxd4 cxd4 14. Be2 e5 15.
h5 Qc7 16. hxg6 fxg6 17. f5 b5 18. Bh6 Bxh6 19. Rxh6 Kg7 20. Qd2 bxc4 21. Qg5
Be8 22. Nh5+ Nxh5 23. Rxh5 Rf6 24. dxc4 Qe7 25. Kd2 Rf7 26. Qh6+ Kg8 27. fxg6
Rg7 28. gxh7+ Rxh7 29. Qg5+ Qxg5+ 30. Rxg5+ Rg7 31. Rxg7+ Kxg7 32. Rh1 Rb8 33.
Kc2 Ba4+ 34. Kc1 Bb3 35. Kb1 Rc8 36. Rc1 Kg6 37. Bg4 Rc7 38. Be6 Kg5 39. g3 Kf6
40. Bd5 Kg5 41. Be6 Kf6 42. Bg8 Rg7 43. Rf1+ Kg5 44. Be6 Rc7 45. Rc1 Kf6 46.
Bd5 d3 47. Rf1+ Kg7 48. Rf2 Bxc4 49. Rd2 Bxd5 50. exd5 e4 51. b4 axb4 52. axb4
Rb7 53. Rb2 Kg6 54. Kc1 Kf6 55. Kd2 Ke5 56. Ke3 Kxd5 57. b5 Rf7 58. Rf2 Rxf2
59. Kxf2 Kd4 60. b6 e3+ 61. Ke1 Kc3 62. Kd1 (62. b7 d2+ 63. Ke2 Kc2 64. b8=Q
d1=Q+ 65. Kxe3 {probably draws}) 62... e2+ 63. Ke1 Kc2 64. b7 d2+ 0-1

[Event "Fermi-Dragons"]
[Site "?"]
[Date "2000.02.24"]
[Round "?"]
[White "Dorigo, T"]
[Black "Tegel, F"]
[Result "1-0"]
[WhiteElo "2167"]
[BlackElo "2112"]
[PlyCount "113"]
[EventDate "2000.??.??"]

1. e4 d6 2. d4 g6 3. Nf3 Bg7 4. Bc4 4... Nf6 { } 5. Qe2 O-O 6. O-O c6 7. e5
dxe5 8. dxe5 8... Nd5 { } 9. Rd1 Bg4 10. Nbd2 e6 11. Bb3 { threatening c4}
11... Qc7 12. c4 Nb6 13. h3 Bxf3 14. Nxf3 14... N8d7 { } 15. Re1 Rac8 16. Bg5
Rfe8 17. Qe3 { } 17... f6 18. exf6 Nxf6 19. Ne5 Nbd7 20. Nxd7 Nxd7 21. c5 {
Very pleasing, White has gained a superior position from straightforward play!}
21... Nf8 (21... Bxb2 22. Bxe6+ $5 (22. Rad1 22... Be5 {is similar}) 22... Kh8
23. Rab1 23... Be5 { any move from hanging Be6 allows Bh2+ winning Queen} 24.
f4 (24. Qb3 Nxc5) (24. Bxd7 Bh2+ 25. Kh1 25... Rxe3 { } 26. Bf6+ Kg8 27. Rxe3 {
is interesting}) 24... Rxe6 25. fxe5 { } 25... Rf8 (25... Rxe5 $2 26. Bf6+ $1)
(25... Nxe5 $5 26. Bf4 26... Rce8 {
How can White exploit pin? but, Black can hardly move!})) 22. Re2 Kh8 23. Rd1
23... e5 { } 24. Rd6 b6 25. Red2 25... e4 { } 26. cxb6 axb6 27. Qf4 c5 28. Bd5
{ } 28... c4 (28... Be5 29. Bf6+ Bxf6 30. Qxf6+ 30... Qg7 {
White wins b-Pawn and game}) 29. Bf6 29... b5 { A simple example of the
balance between initiative and a Pawn is now demonstrated.} 30. Bxe4 b4 31.
Bxg7+ Qxg7 32. Bd5 { } 32... c3 33. bxc3 bxc3 34. Rc2 { } 34... Re1+ 35. Kh2
Rd1 36. Bb3 Rxd6 37. Qxd6 { } 37... Rc7 38. Re2 Rd7 39. Qf4 g5 40. Qe5 {
The last ten moves have been Black's call, yet White isn't in danger.} 40...
Rd2 41. Qxg7+ Kxg7 42. Re3 { } 42... c2 43. Rc3 Rxf2 44. Rxc2 44... Rf5 { } 45.
Rc7+ Kf6 46. a4 (46. Rf7+) 46... h5 47. Rf7+ { } 47... Ke5 48. a5 {
Black's King and Knight are frozen!} 48... h4 { } 49. Rxf5+ (49. a6 Rxf7 50.
Bxf7 Nd7 51. a7 51... Nb6 { } 52. Bh5 {and Bf3 next}) 49... Kxf5 50. Ba4 (50.
Bd1 {and again, Bf3}) 50... Ke5 51. a6 Ne6 52. a7 Nc7 53. Bc6 { } 53... Kf4 54.
a8=Q Nxa8 55. Bxa8 g4 56. hxg4 56... Kxg4 { } 57. Bf3+ 1-0

[Event "Dragons-Fermi"]
[Site "?"]
[Date "2000.02.24"]
[Round "?"]
[White "Peijffers, S"]
[Black "Spiegel, L"]
[Result "0-1"]
[WhiteElo "1961"]
[BlackElo "2023"]
[PlyCount "50"]
[EventDate "2000.??.??"]

1. c4 c5 2. Nc3 Nf6 3. g3 d5 4. cxd5 Nxd5 5. Bg2 Nc7 6. d3 Nc6 7. e3 e5 8. a3
Bf5 9. Ne4 Qd7 10. Qc2 Ne6 11. Ne2 h5 12. O-O h4 13. Rd1 hxg3 14. N2xg3 Bg6 15.
b3 f5 16. Nc3 f4 17. Nge2 f3 18. Bf1 (18. Bxf3 Ng5 19. Bg2 Qg4 20. Kh1 Nf3 21.
Bxf3 Qxf3+ 22. Kg1 Qh3 23. Ng3 Qxh2+ 24. Kf1) 18... Ng5 19. Ng3 Nh3+ 20. Kh1
O-O-O 21. Nce4 Bxe4 22. Nxe4 Qg4 23. Ng3 Qh4 24. Bxh3+ Qxh3 25. Kg1 Qg2# 0-1

[Event "Fermi-Dragons"]
[Site "?"]
[Date "2000.02.24"]
[Round "?"]
[White "Gaines, I"]
[Black "Pehas, A"]
[Result "0-1"]
[WhiteElo "1707"]
[BlackElo "1922"]
[PlyCount "90"]
[EventDate "2000.??.??"]

1. d4 d5 2. c4 c6 3. Nc3 Nf6 4. Nf3 dxc4 5. e4 b5 6. e5 Nd5 7. a4 Be6 8. axb5
Nxc3 9. bxc3 cxb5 10. Be2 Bd5 11. Ba3 Nd7 12. O-O e6 13. Bxf8 Nxf8 14. Nd2 Ng6
15. Bf3 O-O 16. g3 a5 17. Ne4 Ne7 18. Nd6 Qb6 19. Qe2 Qc6 20. Bxd5 Qxd5 21.
Rfb1 Rfb8 22. Rb2 b4 23. Qxc4 Qxc4 24. Nxc4 bxc3 25. Rc2 Nd5 26. Kf1 a4 27. Ke1
a3 28. Rxa3 Rxa3 29. Nxa3 Rb3 30. Kd1 Rxa3 31. Ke2 Nb4 32. Rc1 Ra2+ 33. Kd1 c2+
34. Kd2 Ra3 35. Ke2 Kf8 36. f4 Ke7 37. g4 Kd7 38. f5 Kc6 39. d5+ Kxd5 40. fxe6
Kxe6 41. Rf1 Ra5 42. Kd2 Rd5+ 43. Kc1 Rd1+ 44. Rxd1 cxd1=Q+ 45. Kxd1 Kxe5 0-1

[Event "CCDOC-Pawns"]
[Site "?"]
[Date "2000.02.28"]
[Round "?"]
[White "Williams, K"]
[Black "Ellice, W"]
[Result "1-0"]
[WhiteElo "2048"]
[BlackElo "1902"]
[PlyCount "69"]
[EventDate "2000.??.??"]

1. d4 d5 2. Nf3 e6 3. e3 Nf6 4. Bd3 c5 5. c3 b6 6. O-O Be7 7. Nbd2 O-O 8. Re1
a5 9. e4 cxd4 10. Nxd4 e5 11. N4f3 dxe4 12. Nxe4 Nc6 13. Qc2 h6 14. h3 Ba6 15.
Nxf6+ Bxf6 16. Be4 Rc8 17. Qb3 Re8 18. Be3 b5 19. Bf5 a4 20. Qd1 Qxd1 21. Raxd1
Rcd8 22. Bd7 e4 23. Bxc6 exf3 24. Bxe8 Rxe8 25. Bd4 Rxe1+ 26. Rxe1 Bb7 27. Re8+
Kh7 28. Bxf6 gxf6 29. Rb8 Bd5 30. Rxb5 Bxa2 31. gxf3 Be6 32. Kg2 Kg7 33. Kg3 f5
34. Kf4 Kf6 35. Ra5 1-0

[Event "CCDOC-Pawns"]
[Site "?"]
[Date "2000.02.28"]
[Round "?"]
[White "Seaton, E"]
[Black "Lasky, N"]
[Result "1-0"]
[WhiteElo "1607"]
[BlackElo "1369"]
[PlyCount "87"]
[EventDate "2000.??.??"]

1. e4 e5 2. Nf3 Nf6 3. Nc3 Nc6 4. Bc4 h6 5. d4 exd4 6. Nxd4 { } 6... Ne5 7. Bb3
Bb4 8. O-O Bxc3 9. bxc3 9... Nxe4 {  This pawn is pure poison.} 10. Nf5 (10.
Re1 {wins a piece immediately, White will still have a fierce attack.} 10... d5
11. f3 Nxc3 12. Rxe5+) 10... O-O 11. Bxh6 (11. Re1 {or Qd4 are still possible})
11... gxh6 12. Nxh6+ 12... Kg7 { } 13. Qh5 (13. Nf5+ Kg8 14. Qd4) 13... d6 14.
f4 {stops Qg5} 14... Nf6 15. Qg5+ 15... Ng6 { } 16. f5 (16. Rae1 $1 16... Kh7
17. f5 Ne5 18. Re3 {with idea Rh3} (18. Nxf7 Nxf7 19. Qg6+ Kh8 20. Bxf7)) 16...
Ne4 17. Qh5 Nf6 18. Qh3 {
Now White has f-pawn pinned and Queen tied to protect h6-Knight.} 18... Ng8 $2
(18... Ne5 {with idea of Rh8} 19. Qg3+ Kxh6 20. Qh4+ 20... Nh5 {
White is two Knights down and must do something with his Queen}) 19. Nxf7 $1
19... Rxf7 20. Bxf7 { } 20... Ne5 (20... Kxf7 21. fxg6+ {
White's heavy pieces win.} 21... Kxg6 (21... Ke8 22. Rae1+ Ne7 23. Qh8+ Kd7 24.
Rf8) 22. Qg3+ Kh6 (22... Kh7 23. Rf7+ Kh6 (23... Kh8 24. Qg7#) 24. Qg7+ Kh5 25.
Rf8) 23. Rf4 {idea Rh4+} 23... Nf6 24. Qh4+ Kg6 25. Raf1) 21. Be6 Nf6 22. Rf4
Bxe6 23. fxe6 23... Qh8 { } 24. Qg3+ Kf8 25. Rxf6+ $1 25... Qxf6 $2 (25... Ke7
26. Raf1 26... Rg8 {Black can try to hold on.}) 26. Rf1 Qxf1+ 27. Kxf1 27...
Ke7 { White's Queen and connected passers spell a win} 28. Qg7+ Kxe6 29. Qxc7
b6 30. Qg7 a5 31. h4 Nd7 32. Qg6+ Kd5 33. Qf7+ 33... Kc6 { } 34. Qc4+ (34. h5
$4 34... Rf8 {pins Queen!}) 34... Nc5 35. Qf7 Nd7 36. Qf3+ d5 37. Kg1 Re8 38.
h5 { } 38... Ne5 39. Qf6+ Kc5 40. h6 { } 40... Ng4 $2 41. Qd4+ Kd6 42. Qxg4 Re4
43. Qxe4 dxe4 44. h7 1-0

[Event "Pawns-CCDOC"]
[Site "?"]
[Date "2000.02.28"]
[Round "?"]
[White "Logan, H"]
[Black "Rojo, V"]
[Result "0-1"]
[WhiteElo "1227"]
[BlackElo "1395"]
[PlyCount "86"]
[EventDate "2000.??.??"]

1. c4 e5 2. e4 Bc5 3. Nf3 Nc6 4. a3 Nf6 5. b4 Bd4 6. Nxd4 { } 6... exd4 {
this Pawn will make an easy target} 7. d3 h6 8. Be2 (8. Bb2 {with idea 9. b5})
8... O-O 9. O-O a6 10. Nd2 d6 11. Nf3 11... b5 { } 12. Qc2 (12. Bb2 {
still yields White a good position after} 12... bxc4 13. dxc4 Nxe4 14. Nxd4
Nxd4 15. Qxd4 Nf6) 12... Bg4 13. c5 $2 (13. cxb5 {
wins at least a Pawn, since Queen at c2 attacks loose Knight} 13... Ne5 14.
Nxd4 Bxe2 15. Qxe2 axb5 16. Nxb5) 13... Bxf3 14. Bxf3 Ne5 15. Be2 Nfg4 16. h3
16... Nf6 { } 17. f4 (17. Bb2 dxc5 18. Qxc5 {wins the d4-Pawn}) 17... Ned7 18.
Bf3 Rb8 19. c6 Nb6 20. Bb2 Nh7 21. Bxd4 {
White has an advantage, but needs to open lines for his long-range pieces}
21... Qh4 22. Be2 Nf6 23. Qd2 {A plan involving Rf3, Raf1, Bf2, Rg3 prepares a
massive assualt against King. Black doesn't have a counterplan.} 23... Nh7 24.
Bf2 (24. Kh2 {then g3 chases Queen away. The Bishop at d4 is ideally placed!})
24... Qf6 { } 25. e5 {
White should concrentrate his forces before opening lines.} (25. Bg4 {
and, if Rb8 moves, Bxb6 queens c-Pawn.}) 25... dxe5 26. Bc5 Rfe8 27. Rae1 Qxc6
28. Rc1 Qe6 29. Bg4 29... f5 {
White's Pawn moves have only freed Black who now takes over.} 30. Bd1 c6 31.
Rb1 Kh8 32. Qf2 (32. fxe5 Qxe5 33. Qf2 Nd5 34. Qxf5 {White wins back a Pawn})
32... Nd5 33. Bb3 Nhf6 34. Rbe1 e4 35. dxe4 35... Nxe4 { White was apparently
depending on the pins. Since only higher-valued pieces can attack, they have
no force.} 36. Qb2 Qf6 37. Bd4 Qg6 38. Be5 Rbc8 39. Rf3 Nb6 40. Qa2 Rf8 41. Rd3
41... Rcd8 { } 42. Rf3 Rd2 43. Qb1 Qxg2# 0-1

[Event "BankAm-Reader"]
[Site "?"]
[Date "2000.02.02"]
[Round "?"]
[White "Losoff, A"]
[Black "Venske, D"]
[Result "1/2-1/2"]
[WhiteElo "1833"]
[BlackElo "1730"]
[PlyCount "148"]
[EventDate "2000.??.??"]

1. e4 e5 2. Nf3 Nc6 3. Bc4 Bc5 4. c3 Nf6 5. d4 exd4 6. cxd4 Bb4+ 7. Nc3 Nxe4 8.
O-O Bxc3 9. d5 Nd6 10. bxc3 Nxc4 11. Qe2+ Ne7 12. Qxc4 O-O 13. Re1 d6 14. Bg5
f6 15. Qe4 Ng6 16. Bd2 Bd7 17. Nd4 Re8 18. Qf3 Ne5 19. Qg3 Re7 20. h4 Qf8 21.
f4 Nc4 22. Rxe7 Qxe7 23. Re1 Qf7 24. Ne6 Nxd2 25. Qd3 Re8 26. f5 Qh5 27. Qxd2
Qxf5 28. Nxc7 Rxe1+ 29. Qxe1 Qe5 30. Qd2 Kf8 31. c4 Qe4 32. Qb4 Qd4+ 33. Kf1
Qb6 34. Qxb6 axb6 35. Ke2 Ke7 36. Ke3 Kd8 37. Nb5 Bxb5 38. cxb5 Ke7 39. Kf4 Kf7
40. h5 g6 41. g4 Kg7 42. a3 gxh5 43. gxh5 Kh6 44. Kf5 Kxh5 45. Ke6 Kg6 46. Kxd6
h5 47. Kc7 h4 48. d6 h3 49. d7 h2 50. d8=Q h1=Q 51. Qg8+ Kf5 52. Kxb6 Qe4 53.
Qh7+ Ke5 54. Qe7+ Kf5 55. Qxe4+ Kxe4 56. Kxb7 f5 57. b6 f4 58. Kc7 f3 59. b7 f2
60. b8=Q f1=Q 61. Qe8+ Kd4 62. a4 Qc4+ 63. Qc6 Qb4 64. Qb6+ Kc4 65. a5 Qe7+ 66.
Kb8 Qe8+ 67. Ka7 Qd7+ 68. Qb7 Qd4+ 69. Ka6 Qd6+ 70. Qb6 Qd7 71. Qb8 Qc6+ 72.
Ka7 Qc5+ 73. Qb6 Qe7+ 74. Ka6 Qd7 1/2-1/2

[Event "Reader-BankAm"]
[Site "?"]
[Date "2000.02.02"]
[Round "?"]
[White "Sullivan, C"]
[Black "Bargerstock, D"]
[Result "0-1"]
[WhiteElo "1508"]
[BlackElo "1780"]
[PlyCount "110"]
[EventDate "2000.??.??"]

1. e4 e6 2. d4 d5 3. e5 c5 4. Nf3 Nc6 5. a3 cxd4 6. Bb5 Qa5+ 7. Nc3 dxc3 8.
Bxc6+ bxc6 9. O-O cxb2 10. Bxb2 Ba6 11. Re1 Bc5 12. Bd4 Ne7 13. Ng5 h6 14. Nf3
Nf5 15. c3 Rb8 16. g4 Bxd4 17. cxd4 Ne7 18. Rb1 Kd7 19. Re3 Bc4 20. Nd2 Rxb1
21. Nxb1 Rb8 22. Nd2 Rb2 23. Nb3 Bxb3 24. Rxb3 Rxb3 25. Qxb3 Qb5 26. Qe3 Ng6
27. Kg2 Qb1 28. Kg3 a5 29. f4 a4 30. Kf2 Qb3 31. Qg3 Qxg3+ 32. hxg3 c5 33. Ke3
c4 34. Kd2 Kc6 35. Kc3 Kb5 36. f5 Ne7 37. fxe6 fxe6 38. Kd2 Nc6 39. Kc3 Ka5 40.
g5 hxg5 41. g4 Kb5 42. Kc2 Nxd4+ 43. Kc3 Kc5 44. Kd2 Nf3+ 45. Kc3 Nxe5 46. Kd2
Nxg4 47. Kc3 d4+ 48. Kc2 d3+ 49. Kc3 g6 50. Kb2 Kd4 51. Kc1 c3 52. Kb1 d2 53.
Kc2 Nf2 54. Kb1 d1=Q+ 55. Ka2 Qc2+ 0-1

[Event "Reader-BankAm"]
[Site "?"]
[Date "2000.02.02"]
[Round "?"]
[White "Carter, L"]
[Black "Paraoan, E"]
[Result "1-0"]
[WhiteElo "1463"]
[BlackElo "1706"]
[PlyCount "97"]
[EventDate "2000.??.??"]

1. d4 d5 2. c4 c6 3. Nc3 e6 4. c5 Ne7 5. Nf3 Nd7 6. Bf4 Ng6 7. Bg3 Be7 8. e3
Nf6 9. Bd3 Nh5 10. Be5 Nxe5 11. Nxe5 Nf6 12. b4 O-O 13. a4 g6 14. O-O Kg7 15.
b5 Nd7 16. Nf3 f5 17. Ne2 Nf6 18. Ne5 cxb5 19. axb5 Nd7 20. Nf3 Nf6 21. Nf4 Ne4
22. Ne5 Bf6 23. Nf3 Nxc5 24. dxc5 Bxa1 25. Qxa1+ Qf6 26. Ne5 Rd8 27. Qd4 a5 28.
Nh3 a4 29. f4 a3 30. Ra1 Bd7 31. Qb4 a2 32. Bc2 Ra7 33. Ng5 Rda8 34. Ngf3 Ra5
35. Nd4 Be8 36. c6 bxc6 37. bxc6 R5a6 38. Qb7+ Kh6 39. g4 g5 40. h4 Qxe5 41.
hxg5+ Kg6 42. fxe5 R8a7 43. c7 Bd7 44. c8=Q Bxc8 45. Qxc8 Ra8 46. gxf5+ Kxg5
47. Nxe6+ Kh4 48. Qc5 Rg8+ 49. Kf2 1-0

[Event "Aces-LBurn"]
[Site "?"]
[Date "2000.03.05"]
[Round "?"]
[White "Czerniecki, Tony"]
[Black "Eaman, Rob"]
[Result "1-0"]
[WhiteElo "1951"]
[BlackElo "1751"]
[PlyCount "33"]
[EventDate "2000.??.??"]

1. Nf3 e6 2. g3 Nf6 3. Bg2 d5 4. O-O Bd6 5. d3 O-O 6. Nbd2 e5 7. e4 Bg4 8. h3
Bh5 9. g4 dxe4 10. dxe4 Bg6 11. Nh4 Nxe4 12. Nxg6 Nxf2 13. Rxf2 Bc5 14. Nxf8
Nc6 15. Qf3 Qh4 16. Qxf7+ Kh8 17. Ne4 1-0

[Event "LBurn-Aces"]
[Site "?"]
[Date "2000.03.05"]
[Round "?"]
[White "Duffy, Jim"]
[Black "Golla, Roman"]
[Result "0-1"]
[WhiteElo "1671"]
[BlackElo "1867"]
[PlyCount "62"]
[EventDate "2000.03.05"]

1. d4 c6 2. Nf3 d5 3. Bg5 h6 4. Bh4 Qb6 5. Nbd2 Bg4 6. e3 Nd7 7. c4 e6 8. cxd5
exd5 9. Be2 g5 10. Bg3 Ngf6 11. Ne5 Bxe2 12. Qxe2 Bb4 13. O-O Bxd2 14. Nxd7
Kxd7 15. Qxd2 Ne4 16. Qc2 Raf8 17. h3 f5 18. Be5 Rhg8 19. f3 Nd6 20. Bxd6 Kxd6
21. Rac1 Rf7 22. Qc3 h5 23. b4 Re8 24. Rfe1 Rfe7 25. Kf2 g4 26. a3 h4 27. Qc2
g3+ 28. Kf1 Rxe3 29. Rxe3 Rxe3 30. Qd2 Qb5+ 31. Kg1 Qd3 0-1

[Event "Aces-LBurn"]
[Site "?"]
[Date "2000.03.05"]
[Round "?"]
[White "Sagalovsky, Leonid"]
[Black "Sossi, Mike"]
[Result "1-0"]
[WhiteElo "1973"]
[BlackElo "1528"]
[PlyCount "53"]
[EventDate "2000.??.??"]

1. e4 d6 2. d4 Nf6 3. Nc3 g6 4. f4 Bg7 5. Nf3 c5 6. Bb5+ Bd7 7. Bxd7+ Nbxd7 8.
e5 dxe5 9. dxe5 Ng4 10. Ng5 Nh6 11. O-O O-O 12. Nce4 e6 13. Nd6 b6 14. c3 Qc7
15. Qf3 c4 16. Be3 a6 17. Rad1 Nc5 18. Nxc4 Nf5 19. Nd6 Nxe3 20. Qxe3 h6 21.
Nge4 f5 22. exf6 Bxf6 23. Kh1 Be7 24. Nxc5 bxc5 25. Qxe6+ Kh7 26. Nf7 Bf6 27.
Rd7 1-0

[Event "LBurn-Aces"]
[Site "?"]
[Date "2000.03.05"]
[Round "?"]
[White "Fulkerson, Robert"]
[Black "Frank, Mark"]
[Result "1/2-1/2"]
[WhiteElo "1380"]
[BlackElo "1835"]
[PlyCount "93"]
[EventDate "2000.03.05"]

1. e4 e6 2. Nc3 d5 3. exd5 exd5 4. d4 Nf6 5. Nf3 { } 5... Bb4 6. Bd2 O-O 7. Be2
Re8 8. O-O { } 8... Nc6 9. a3 Ba5 (9... Bf8 {is more promising}) 10. Bd3 Bg4
11. Bb5 { trying to remove attacker of Pd4} 11... Bxf3 12. Qxf3 Nxd4 13. Qd3
Nxb5 14. Nxb5 Bxd2 15. Qxd2 15... c6 { } 16. Nd4 Ne4 (16... Qb6 {
then Re4 and double on e.}) 17. Qd3 Qf6 18. f3 { } 18... Nc5 (18... Ng5 {
keeping Knight in the action}) 19. Qc3 Na4 (19... Ne6 {
forces at least another trade}) 20. Qb4 Nb6 21. c3 Rac8 22. Nc2 22... Re2 { }
23. Rf2 Rce8 24. Rxe2 Rxe2 25. Re1 Rxe1+ 26. Nxe1 Qe5 27. Kf2 { } 27... Nc4 (
27... Qxh2 $2 28. Qe7 Qb8 29. Nd3 {
Black will have trouble unwinding his pieces}) 28. Nc2 (28. Qxb7 Qe3+ 29. Kf1 (
29. Kg3 29... Qxe1+ {but watch backrank and Pawns!}) 29... Nd2#) 28... b6 29.
Qa4 Qc7 30. b4 {
to create the passer, Black needs to play -c5, but look out for that backrank!}
30... b5 (30... Kf8 31. Nd4 31... c5 { } 32. bxc5 (32. Nb5 32... Qc6 $1) 32...
bxc5 33. Nb3 33... Ke7 { } 34. Qb5 Kd6 35. Qa6+ Nb6) 31. Qa6 Kf8 32. Nd4 { }
32... Nb6 33. Nb3 Ke7 34. g3 { } 34... Kf6 (34... Kd6 35. Nc5 35... Nd7 {
idea Nb8!}) 35. Nc5 Ke7 36. a4 bxa4 37. Nxa4 { } 37... Nxa4 (37... Nc4 38. Nc5
(38. b5 c5) 38... Qb6 { }) 38. Qxa4 38... Qb6+ {
Black needs to create another White weakness to win.} 39. Ke2 { } 39... Qb5+ {
Black can't force the Pawn ending due to weakness of Pd5} (39... Kd6 {idea Qg1}
40. Qa1 c5 41. bxc5+ 41... Qxc5 { }) 40. Qxb5 40... cxb5 { } 41. Kd3 Kd6 42.
Kd4 f6 43. h3 g6 44. h4 h5 45. g4 { } 45... f5 (45... hxg4 $2 {
allows White to win with passer} 46. fxg4 Ke6 (46... f5 47. gxf5 47... gxf5 { }
48. h5 Ke6 (48... f4 49. h6 f3 50. Ke3) 49. h6 Kf6 50. Kxd5 {White wins}) 47.
h5 gxh5 48. gxh5 Kf5 (48... f5 49. h6 Kf6 50. Kxd5 f4 51. Ke4) 49. Kxd5 Kg5 50.
Ke6 f5 51. h6) 46. gxh5 gxh5 47. f4 1/2-1/2

[Event "Aces-LBurn"]
[Site "?"]
[Date "2000.03.05"]
[Round "?"]
[White "Franek, Marty"]
[Black "Bannon, Bill"]
[Result "1-0"]
[WhiteElo "1797"]
[BlackElo "1213"]
[PlyCount "77"]
[EventDate "2000.??.??"]

1. d4 e6 2. c4 Bb4+ 3. Nc3 Nf6 4. Qc2 Nc6 5. Nf3 d5 6. e3 b6 7. a3 Be7 8. cxd5
exd5 9. Bb5 Bb7 10. Ne5 Qd6 11. Ne2 O-O 12. Bxc6 Bxc6 13. Nxc6 a5 14. Nxe7+
Qxe7 15. Bd2 Rac8 16. O-O c5 17. dxc5 Rxc5 18. Qd3 Qc7 19. Rac1 Ng4 20. g3 Rc8
21. Rxc5 bxc5 22. Qf5 Ne5 23. Bxa5 Qb8 24. Bc3 Re8 25. Bxe5 Rxe5 26. Qc2 Qa7
27. Rd1 h5 28. Nf4 d4 29. exd4 cxd4 30. Qc4 g5 31. Nxh5 g4 32. Qc8+ Kh7 33.
Qxg4 Kh6 34. Qf4+ Rg5 35. h4 f6 36. hxg5+ fxg5 37. Qxd4 Qxd4 38. Rxd4 Kxh5 39.
f3 1-0

[Event "LBurn-Aces"]
[Site "?"]
[Date "2000.03.05"]
[Round "?"]
[White "Dominquez, Rich"]
[Black "Davidson, Mike"]
[Result "0-1"]
[WhiteElo "100"]
[BlackElo "1611"]
[PlyCount "92"]
[EventDate "2000.03.05"]

1. d4 d5 2. c4 e6 3. Nf3 f5 4. e3 Nf6 5. Nc3 c6 6. Be2 Bd6 7. O-O O-O 8. Ne5
Nbd7 9. f4 Ne4 10. Nxe4 fxe4 11. Bd2 Nf6 12. Qe1 Bd7 13. Qh4 Ne8 14. Qxd8 Rxd8
15. Be1 Be7 16. a3 g5 17. Bb4 Bxb4 18. axb4 a6 19. fxg5 Nd6 20. c5 Nf5 21. Ng4
Kg7 22. g3 Be8 23. Ne5 Nxe3 24. Rxf8 Kxf8 25. Rf1+ Kg7 26. Rf6 Nf5 27. Rxe6
Nxd4 28. Re7+ Kf8 29. Rxh7 Nxe2+ 30. Kf2 Nd4 31. g6 Ne6 32. Rxb7 d4 33. Ke2 d3+
34. Kd2 e3+ 35. Kd1 d2 36. Ra7 e2+ 37. Kxe2 d1=Q+ 38. Ke3 Qe1+ 39. Kf3 Qxe5 40.
Rxa6 Rd3+ 41. Kf2 Qxb2+ 42. Ke1 Rc3 43. g7+ Nxg7 44. Ra1 Qxa1+ 45. Kd2 Qb2+ 46.
Kd1 Rc1# 0-1

[Event "Dragons-Fermi"]
[Site "?"]
[Date "2000.02.10"]
[Round "?"]
[White "Tegel, F"]
[Black "Dorigio, T"]
[Result "0-1"]
[WhiteElo "2112"]
[BlackElo "2167"]
[PlyCount "90"]
[EventDate "2000.??.??"]

1. Nf3 d5 2. g3 Nd7 3. d4 Ngf6 4. Bg2 e6 5. Nbd2 Bd6 6. c4 c6 7. b3 O-O 8. O-O
a5 9. Bb2 a4 10. Qc2 a3 11. Bc3 Re8 12. e4 dxe4 13. Nxe4 Nxe4 14. Qxe4 Qc7 15.
Rfe1 Nf6 16. Qc2 b6 17. Rac1 Bb7 18. Ne5 c5 19. Bxb7 Qxb7 20. f4 Rad8 21. Qg2
Qxg2+ 22. Kxg2 cxd4 23. Bxd4 Bxe5 24. Bxe5 Rd2+ 25. Kh3 Red8 26. Bc7 R8d3 27.
Bxb6 Rxa2 28. Red1 Rdd2 29. Rxd2 Rxd2 30. Ba5 Rb2 31. c5 a2 32. Ra1 Kf8 33. Bc3
Rc2 34. Bxf6 gxf6 35. b4 Ke7 36. b5 e5 37. fxe5 fxe5 38. c6 Kd6 39. Rd1+ Kc5
40. Rd2 Rxd2 41. c7 Kxb5 42. c8=Q a1=Q 43. Qb7+ Kc4 44. Qxf7+ Kd3 45. Qxh7+ e4
0-1